[Event "Challenge"]
[Site "http://www.queenalice.com/game.php?id=1078124"]
[Date "2012.7.1"]
[Round "-"]
[White "Ben_2012"]
[Black "Jlacerda"]
[Result "0-1"]
[WhiteElo "1042"]
[BlackElo "1500"]

1. e4 c6 2. Nf3 d5 3. exd5 cxd5 4. Nc3 Nf6 5. Bb5+ Nc6 6. Bxc6+ bxc6 7. Nd4 c5
8. Ndb5 Ba6 9. d4 Qa5 10. dxc5 Bxb5 11. a3 e6 12. b4 Qa6 13. a4 Bc4 14. b5 Qc8
15. c6 a6 16. Bg5 Bb4 17. Bd2 O-O 18. Na2 Bxd2+ 19. Qxd2 axb5 20. Nc3 Qxc6 21.
axb5 Rxa1+ 22. Nd1 Qxb5 23. f4 Ne4 24. Qe3 Rfa8 25. Qh3 Rxd1+ 26. Kxd1 Qb1# 0-1

[Event "Challenge"]
[Site "http://www.queenalice.com/game.php?id=1078263"]
[Date "2012.7.1"]
[Round "-"]
[White "Ben_2012"]
[Black "savioef"]
[Result "1-0"]
[WhiteElo "1066"]
[BlackElo "914"]

1. e4 c5 2. Bc4 d6 3. Na3 Nf6 4. d3 Bg4 5. f3 Bh5 6. g4 Bg6 7. g5 Nfd7 8. f4 e5
9. Nh3 exf4 10. Nxf4 d5 11. Bxd5 Bd6 12. Nb5 Ne5 13. Bxb7 Nbd7 14. Nxd6+ Ke7 15.
Nc4 Nxc4 16. dxc4 Ne5 17. Nd5+ Ke8 18. Bf4 Nf3+ 19. Qxf3 Rb8 20. Nc7+ Kf8 21.
Bc6 Rxb2 22. Qa3 Rxc2 23. Qxc5+ Kg8 24. Rd1 Qc8 25. Bd7 Qd8 26. Qxa7 Bxe4 27. g6
fxg6 28. Be6+ Kf8 29. Rxd8+ Ke7 30. Rxh8 Rc3 31. Re8+ Kf6 32. Qd4# 1-0

[Event "Challenge"]
[Site "http://www.queenalice.com/game.php?id=1078300"]
[Date "2012.7.1"]
[Round "-"]
[White "Ben_2012"]
[Black "vickfa"]
[Result "1-0"]
[WhiteElo "1157"]
[BlackElo "1147"]

1. e4 c5 2. Nf3 Nc6 3. Ng5 d6 4. Nc3 Ne5 5. Bb5+ Bd7 6. d4 cxd4 7. Qxd4 a6 8. a4
f6 9. Nf3 Nh6 10. Nd5 Nhg4 11. Qc3 axb5 12. Ng5 fxg5 13. Nc7+ Kf7 14. Qb3+ Nc4
15. Nd5 e6 16. Nc3 d5 17. axb5 Na5 18. Qa2 Be7 19. exd5 Rc8 20. Qa4 b6 21. Qxg4
exd5 22. Qf3+ Bf6 23. Qxd5+ Be6 24. Qf3 Re8 25. Qh5+ Ke7 26. b4 g6 27. Qxh7+ Bf7
28. O-O Rxc3 29. Re1+ Kd7 30. Qxf7+ Kc8 31. Rxe8 Qxe8 32. Qxe8+ Bd8 33. bxa5
bxa5 34. Rxa5 Rxc2 35. Ra8+ Kc7 36. Qxd8+ Kb7 37. Qb8# 1-0

[Event "Challenge"]
[Site "http://www.queenalice.com/game.php?id=1079015"]
[Date "2012.7.4"]
[Round "-"]
[White "Ben_2012"]
[Black "Rutty"]
[Result "0-1"]
[WhiteElo "1100"]
[BlackElo "2102"]

1. e4 c5 2. d4 cxd4 3. Qxd4 Nc6 4. Qd1 g6 5. Nc3 Bg7 6. Na4 Qa5+ 7. Nc3 Bxc3+ 8.
bxc3 Qxc3+ 9. Bd2 Qg7 10. Rb1 b6 11. g4 Bb7 12. Bg2 e6 13. c4 Nf6 14. Bc3 e5 15.
Qd6 Nxg4 16. Rd1 O-O-O 17. f3 Ne3 18. Bh3 Nxd1 19. Kxd1 Qf8 20. Qd5 f6 21. Qd3
Qc5 22. Ne2 Ba6 23. Nc1 Bxc4 24. Qd2 Kb7 25. f4 d5 26. fxe5 dxe4 27. Nd3 Rxd3
0-1

[Event "Challenge"]
[Site "http://www.queenalice.com/game.php?id=1079059"]
[Date "2012.7.4"]
[Round "-"]
[White "Ben_2012"]
[Black "OiregorChessMaster"]
[Result "0-1"]
[WhiteElo "1128"]
[BlackElo "1100"]

1. e4 e5 2. Nf3 Nc6 3. Nc3 Nf6 4. d4 exd4 5. Nd5 Nxe4 6. c3 dxc3 7. Nxc3 Bb4 8.
Bb5 Nxc3 9. Qd3 Nxb5+ 10. Bd2 Qe7+ 11. Kd1 Bxd2 12. Kxd2 a6 13. Rhe1 Qxe1+ 14.
Kxe1 O-O 15. Ng5 g6 16. Qh3 h5 17. g4 d5 18. Qf3 Ncd4 19. Qxd5 c6 20. Qe4 Bxg4
21. Qe7 Rae8 22. Ne6 Rxe7 0-1

[Event "Challenge"]
[Site "http://www.queenalice.com/game.php?id=1079132"]
[Date "2012.7.4"]
[Round "-"]
[White "Ben_2012"]
[Black "Damo"]
[Result "1-0"]
[WhiteElo "1040"]
[BlackElo "1397"]

1. d4 Nc6 2. d5 Ne5 3. f4 Nc4 4. e4 c5 5. Bxc4 Qa5+ 6. Nc3 b6 7. a3 d6 8. b4
cxb4 9. Bb5+ Bd7 10. a4 Rc8 11. Nce2 b3+ 12. Bd2 bxc2 13. Qc1 Qxb5 14. axb5 Bxb5
15. Rxa7 Nf6 16. Qb2 g6 17. Qxb5+ Kd8 18. Qxb6+ Ke8 19. e5 Nxd5 20. Qb5+ Kd8 21.
Qd7# 1-0

[Event "Challenge"]
[Site "http://www.queenalice.com/game.php?id=1079479"]
[Date "2012.7.5"]
[Round "-"]
[White "Ben_2012"]
[Black "Wyrmnax"]
[Result "0-1"]
[WhiteElo "1042"]
[BlackElo "1423"]

1. e4 c6 2. Nf3 d5 3. exd5 cxd5 4. Bb5+ Nc6 5. Bxc6+ bxc6 6. Na3 Ba6 7. Ne5 e6
8. Qf3 Nh6 9. d3 Bd6 10. Bxh6 Bxe5 11. Bc1 O-O 12. c4 dxc4 13. Qxc6 Qa5+ 14. Bd2
Rac8 15. Qf3 Qc5 16. Be3 Qb4+ 17. Bd2 Qc5 18. Rc1 Qb6 19. Nxc4 Bxc4 20. dxc4
Qxb2 21. Qe3 Rfd8 22. O-O Rxd2 23. Qxa7 Bd4 24. Qe7 Rxf2 25. Rcd1 Rxg2+ 26. Kh1
Rxh2# 0-1

[Event "Challenge"]
[Site "http://www.queenalice.com/game.php?id=1079482"]
[Date "2012.7.5"]
[Round "-"]
[White "Ben_2012"]
[Black "jbugg"]
[Result "0-1"]
[WhiteElo "1100"]
[BlackElo "1398"]

1. e4 e5 2. Nf3 Nc6 3. Nc3 Nf6 4. d4 d5 5. exd5 Nxd5 6. Bg5 Be7 7. Bxe7 Qxe7 8.
Nxd5 Qd6 9. c4 Nxd4 10. Nxd4 exd4 11. Qxd4 Be6 12. Qxg7 O-O-O 13. f4 Bxd5 14.
cxd5 Qb4+ 15. Ke2 Qe4+ 16. Kd2 Rxd5+ 17. Kc3 Rdd8 18. Qg4+ Kb8 19. Bc4 Qd4+ 20.
Kb4 Qxb2+ 21. Bb3 Rd4+ 22. Kb5 a6+ 23. Kc5 Qc3+ 24. Bc4 Qxc4# 0-1

[Event "Challenge"]
[Site "http://www.queenalice.com/game.php?id=1079499"]
[Date "2012.7.5"]
[Round "-"]
[White "Rutty"]
[Black "Ben_2012"]
[Result "1-0"]
[WhiteElo "2111"]
[BlackElo "1042"]

1. d4 c6 2. e4 d5 3. e5 f6 4. Nf3 fxe5 5. Nxe5 Qa5+ 6. Bd2 Qb6 7. Bc3 c5 8. Bd3
Nc6 9. Qh5+ g6 10. Bxg6+ hxg6 11. Qxg6+ Kd8 12. Nf7+ Kc7 13. dxc5 Qxc5 14. Bxh8
Qa5+ 15. Bc3 Qb5 16. Qxg8 Be6 17. Qg3+ Kd7 18. a4 Qc4 19. Ne5+ Nxe5 20. Qxe5 Qg4
21. O-O Bg7 22. Qxg7 Qe2 23. Bf6 Re8 24. Nc3 Qxc2 25. Rfd1 Qf5 26. Bh4 Qh5 27.
Bg3 Rg8 28. Qe5 Qg6 29. Nxd5 Qc2 30. Ne3+ Qxd1+ 31. Rxd1+ Ke8 32. Qxe6 Rf8 33.
Bc7 Rf6 34. Rd8# 1-0

[Event "Challenge"]
[Site "http://www.queenalice.com/game.php?id=1080109"]
[Date "2012.7.7"]
[Round "-"]
[White "Rogerio11"]
[Black "Ben_2012"]
[Result "0-1"]
[WhiteElo "1210"]
[BlackElo "1104"]

1. e4 d5 2. f3 Nf6 3. d3 e6 4. c3 d4 5. f4 dxc3 6. bxc3 c5 7. e5 Nfd7 8. d4 cxd4
9. cxd4 Bb4+ 10. Bd2 Qa5 11. Nf3 b6 12. a3 Bxd2+ 13. Qxd2 Qxd2+ 14. Nbxd2 f6 15.
Nc4 Nc6 16. Nd6+ Ke7 17. Rc1 Na5 18. Nxc8+ Rhxc8 19. Rd1 fxe5 20. fxe5 Nc4 21.
Ng5 Nb2 22. Rd2 Rc1+ 23. Ke2 Nc4 24. Rd3 h6 25. Ne4 Rc2+ 26. Kd1 Ra2 27. a4 Rxa4
28. Rg3 g5 29. Nf6 Nxf6 30. h4 gxh4 31. Rxh4 Ra1+ 32. Ke2 Ne8 33. Rxh6 b5 34.
Rgg6 Ra2+ 35. Kf3 Nd2+ 36. Kf2 Ne4+ 37. Kf3 Nd2+ 38. Kg4 Nxf1 39. Rxe6+ Kd7 40.
Reg6 Rxg2+ 41. Kh3 Rd2 42. Rh7+ Kc8 43. Rg8 Rh2+ 44. Kg4 Rxh7 45. d5 Rg7+ 46.
Kf5 Rxg8 47. e6 Rf8+ 48. Ke5 b4 49. e7 Rh8 50. Ke6 b3 51. d6 Rh6+ 52. Kf7 Rxd6
53. Kxe8 Kb7+ 54. Kf7 b2 55. Kg7 b1=Q 56. Kf7 Qf5+ 57. Kg7 Qf6+ 58. Kh7 Qxe7#
0-1

[Event "Challenge"]
[Site "http://www.queenalice.com/game.php?id=1080505"]
[Date "2012.7.8"]
[Round "-"]
[White "Rutty"]
[Black "Ben_2012"]
[Result "1-0"]
[WhiteElo "2105"]
[BlackElo "1042"]

1. d4 d5 2. c4 dxc4 3. Nf3 Nf6 4. Nc3 e6 5. e4 Nc6 6. Bxc4 Na5 7. Qa4+ Nc6 8. d5
a6 9. dxc6 b5 10. Bxb5 axb5 11. Qxa8 b4 12. Ne2 Qd3 13. Qxc8+ Qd8 14. Qxd8+ Kxd8
15. Bg5 h6 16. Bxf6+ gxf6 17. O-O-O+ Kc8 18. Rd7 Bc5 19. Rxf7 Bxf2 20. Rd1 Be3+
21. Kc2 Rg8 22. Rdd7 Kb8 23. Rxc7 Bc5 24. Rcd7 f5 25. exf5 exf5 26. c7+ Kc8 27.
Nh4 Re8 28. Nf4 Kb7 29. Rd8 b3+ 30. axb3 Be3 31. c8=Q+ 1-0

[Event "Challenge"]
[Site "http://www.queenalice.com/game.php?id=1080523"]
[Date "2012.7.8"]
[Round "-"]
[White "Ben_2012"]
[Black "fecalixto"]
[Result "1/2-1/2"]
[WhiteElo "1142"]
[BlackElo "1368"]

1. e4 d5 2. exd5 Qxd5 3. c4 Qe4+ 4. Be2 Qxg2 5. Bf3 Qg5 6. d3 Qe5+ 7. Ne2 Nc6 8.
d4 Qd6 9. c5 Qd7 10. d5 Ne5 11. Nd4 Nf6 12. c6 bxc6 13. dxc6 Nxf3+ 14. Ke2 Qxd4
15. Kxf3 e5 16. Qe1 Be7 17. Rg1 Bg4+ 18. Kg2 O-O 19. Be3 Qd5+ 20. Kf1 Qxc6 21.
Bg5 Qb5+ 22. Kg2 e4 23. Bxf6 Bxf6 24. Qxe4 Qxb2 25. Qxg4 Qxa1 26. Nd2 Qxa2 27.
Ne4 Be5 28. Rd1 f5 29. Qf3 fxe4 30. Qxe4 Qxf2+ 31. Kh3 Qxh2+ 32. Kg4 Rf4+ 33.
Qxf4 Qxf4+ 34. Kh3 Qf3+ 35. Kh4 Qxd1 36. Kg5 Qf3 37. Kh4 Rf8 38. Kg5 Bg3 1/2-1/2

[Event "Challenge"]
[Site "http://www.queenalice.com/game.php?id=1080594"]
[Date "2012.7.8"]
[Round "-"]
[White "Ben_2012"]
[Black "claudius46"]
[Result "1-0"]
[WhiteElo "1042"]
[BlackElo "1464"]

1. e4 e5 2. Nf3 Nc6 3. Nc3 Qf6 4. d3 Nh6 5. d4 Qd6 6. dxe5 Qc5 7. Na4 Qb4+ 8.
Bd2 Qxa4 9. Bd3 Ng4 10. b3 Qa3 11. Qb1 Nb4 12. Nd4 Nxd3+ 13. cxd3 Qc5 14. Qb2
Nxe5 15. Ke2 b6 16. b4 d6 17. bxc5 dxc5 18. Nf5 Bxf5 19. exf5 Bd6 20. d4 Nc4 21.
Qc3 Na5 22. Qe3+ Be7 23. dxc5 O-O 24. Qxe7 Nc6 25. Qxc7 Nd4+ 26. Kd1 Nxf5 27.
cxb6 axb6 28. Qxb6 Rab8 29. Qc5 Ne7 30. Qxe7 Rfe8 31. Qg5 h6 32. Qg3 Red8 33.
Ke1 Rb2 34. Bxh6 Re8+ 35. Kf1 Kf8 36. Qxg7+ Ke7 37. Qxb2 1-0

[Event "Challenge"]
[Site "http://www.queenalice.com/game.php?id=1080604"]
[Date "2012.7.8"]
[Round "-"]
[White "claudius46"]
[Black "Ben_2012"]
[Result "1-0"]
[WhiteElo "1462"]
[BlackElo "1042"]

1. e4 d5 2. Nc3 Nf6 3. Qf3 Bg4 4. Qf4 Nc6 5. h3 Nd4 6. Bd3 Bh5 7. g4 Ne6 8. Qe5
Bg6 9. h4 Nxg4 10. Qg3 dxe4 11. Bxe4 Nh6 12. h5 Bxh5 13. Rxh5 Nd4 14. Nf3 g6 15.
Rd5 Nxf3+ 16. Qxf3 Qc8 17. Rd3 f5 18. Bxb7 Qe6+ 19. Re3 Qc4 20. Bxa8 f4 21. Re4
Qc5 22. Rxf4 Qe5+ 23. Re4 Qh2 24. Nd5 Qg1+ 25. Ke2 Nf5 26. Nxc7+ Kf7 27. Qb3+ e6
28. Qxe6+ Kg7 29. Ne8+ Kh6 30. d3+ Kh5 31. Nf6# 1-0

[Event "Challenge"]
[Site "http://www.queenalice.com/game.php?id=1082746"]
[Date "2012.7.14"]
[Round "-"]
[White "Rutty"]
[Black "Ben_2012"]
[Result "1-0"]
[WhiteElo "2116"]
[BlackElo "1142"]

1. d4 d5 2. c4 dxc4 3. Nf3 e6 4. e4 Bb4+ 5. Nc3 f5 6. exf5 exf5 7. Bxc4 Qe7+ 8.
Qe2 Qxe2+ 9. Bxe2 b6 10. O-O c5 11. dxc5 bxc5 12. Nd5 Na6 13. Bxa6 Bxa6 14. Nc7+
Ke7 15. Bg5+ Kd7 16. Nxa6 h6 17. Rfd1+ Kc6 18. Nxb4+ cxb4 19. Rac1+ Kb7 20. Rd7+
Kb6 21. Bd8+ Rxd8 22. Rxd8 g5 23. Rb8+ Ka6 24. a3 bxa3 25. Ra1 1-0

[Event "Challenge"]
[Site "http://www.queenalice.com/game.php?id=1083501"]
[Date "2012.7.17"]
[Round "-"]
[White "Ben_2012"]
[Black "Rutty"]
[Result "0-1"]
[WhiteElo "1142"]
[BlackElo "2127"]

1. e4 e5 2. Qf3 Nc6 3. Bc4 Nf6 4. g4 Nd4 5. Qg3 d6 6. g5 Nxe4 7. Qd3 d5 8. Bb5+
c6 9. c3 Nxb5 10. c4 Nd4 11. cxd5 cxd5 12. Nc3 Nxc3 13. bxc3 Bf5 14. Qg3 Nc2+
15. Kd1 Bd6 16. Rb1 Ne3+ 17. dxe3 Bxb1 18. Nf3 Be4 19. Rg1 Bxf3+ 20. Qxf3 e4 21.
Qe2 O-O 22. Qb5 Bxh2 23. Rg2 Be5 24. g6 fxg6 25. Qxb7 Bxc3 26. Rg5 Qxg5 27. Ba3
Rfc8 28. Qe7 Qg4+ 29. Kc2 Qe2+ 30. Kb3 Rab8+ 31. Ka4 Qa6# 0-1

[Event "Challenge"]
[Site "http://www.queenalice.com/game.php?id=1083549"]
[Date "2012.7.17"]
[Round "-"]
[White "Ben_2012"]
[Black "Rogerio11"]
[Result "0-1"]
[WhiteElo "1178"]
[BlackElo "1283"]

1. e4 e5 2. Qf3 Bb4 3. Bc4 Nf6 4. g4 O-O 5. c3 Ba5 6. g5 Ne8 7. g6 hxg6 8. Nh3
Nd6 9. b3 Nxc4 10. Ng5 Qxg5 11. Na3 d5 12. bxc4 c6 13. d4 f5 14. Bxg5 dxe4 15.
Qg3 f4 16. Qh4 Bxc3+ 17. Ke2 Bxa1 18. Rxa1 exd4 19. Bxf4 d3+ 20. Ke3 Re8 21. Qg3
b5 22. Qxg6 Rf8 23. Be5 Rf3+ 24. Kxe4 Rf7 25. cxb5 Bf5+ 0-1

[Event "Challenge"]
[Site "http://www.queenalice.com/game.php?id=1084433"]
[Date "2012.7.19"]
[Round "-"]
[White "Ben_2012"]
[Black "Rutty"]
[Result "0-1"]
[WhiteElo "1157"]
[BlackElo "2068"]

1. d4 d5 2. b3 Nf6 3. Nf3 Bf5 4. Nh4 Bg6 5. Nd2 e6 6. c4 Bb4 7. a3 Bxd2+ 8. Qxd2
Ne4 9. Qd1 Qxh4 10. g3 Qf6 11. f4 O-O 12. cxd5 exd5 13. Bg2 Nc6 14. a4 Nxd4 15.
Bxe4 Bxe4 16. Rf1 Rfe8 17. Kf2 Bc2 18. Qd2 Rxe2+ 19. Qxe2 Nxe2 20. Kxe2 Qxa1 0-1

[Event "Challenge"]
[Site "http://www.queenalice.com/game.php?id=1084453"]
[Date "2012.7.19"]
[Round "-"]
[White "fecalixto"]
[Black "Ben_2012"]
[Result "1-0"]
[WhiteElo "1368"]
[BlackElo "1163"]

1. e4 d5 2. d3 c6 3. Nc3 f5 4. Nf3 dxe4 5. dxe4 Nf6 6. e5 Nh5 7. Bd3 Nd7 8. Bxf5
e6 9. Bxe6 Nc5 10. Bc4 b5 11. Bb3 b4 12. Ne2 Qb6 13. Bg5 Ne4 14. O-O Bc5 15. e6
Bxf2+ 16. Rxf2 Qxf2+ 17. Kh1 Nhf6 18. Bh4 1-0